Statistics for 読み方が難しい地名 岩手県編

Click here to take the quiz!

General Stats

  • This quiz has been taken 16 times
  • The average score is 6 of 28

Answer Stats

所在地の例字数問題解答欄% Correct
宮古市4区界くざかい
87%
釜石市8鵜住居町うのすまいちょう
67%
二戸市3安比あっぴ
60%
滝沢市4大釜「吉清水」よしみず
33%
宮古市3重茂おもえ
33%
宮古市5花原市けばらいち
33%
宮古市3磯鶏そけい
33%
一関市4川崎町「門崎」かんざき
33%
大船渡市4三陸町「越喜来」おきらい
27%
二戸市4似鳥にたどり
27%
一関市3花泉町「金沢」かざわ
27%
奥州市4前沢「衣関」きぬせき
13%
奥州市3江刺「愛宕」おだき
13%
一関市9上大槻街かみおおつきこうじ
13%
盛岡市5砂子沢いさござわ
13%
花巻市7吹張町ふっぱりちょう
13%
宮古市3上村わむら
13%
一関市4赤荻あこおぎ
13%
遠野市8「附馬牛町」上附馬牛つきもうしちょう
7%
花巻市5下シ沢くたしざわ
7%
奥州市5衣川「百ヶ袋」もがふくろ
7%
宮古市3古田ふった
7%
奥州市4水沢「内匠田」たくみだ
7%
遠野市4附馬牛町「安居台」あおだい
0%
北上市4新平にっぺい
0%
花巻市4東和町「小通」こがよう
0%
二戸市6浄法寺町「季ケ平」しもがたいら
0%
滝沢市5鵜飼「大緩」おおだるみ
0%

Score Distribution

Percentile by Number Answered

Percent of People with Each Score

Your Score History

You have not taken this quiz